Optimalizácia umiestnenia skladov

Gespeichert in:
Bibliographische Detailangaben
1. Verfasser: Brezina, Ivan, 1963-
Format: Buch
Sprache:Slowakisch
Veröffentlicht: Bratislava Katedra operačného výskumu a ekonometrie FHI EU 2004
Schlagworte:
Tags: Tag hinzufügen
Keine Tags, Fügen Sie das erste Tag hinzu!

MARC

LEADER 00000nam$a2200000$$$4500
001 0100709
005 20240502072112.7
041 0 |a slo 
044 |a SK 
245 1 0 |a Optimalizácia umiestnenia skladov  |c Ivan Brezina 
264 1 |a Bratislava  |b Katedra operačného výskumu a ekonometrie FHI EU  |c 2004 
610 2 0 |a sklady 
610 2 0 |a systémy skladové 
610 2 0 |a výskum operačný 
610 2 0 |a metódy matematické 
100 1 |a Brezina, Ivan, 1963-